00583nam a2200193Ia 4500003000900000008004100009040001600050080001800066100002200084245006500106260003500171300001600206490004800222650004100270650002200311650002200333700002000355700001400375IN-BaIIA211028s9999 xx 000 0 eng d cIIA Library a524.3-82bMEN aMenzel, Donald H. 0aStellar interiorscD.H. Menzel, P.L. Bhatnagar and H.K. Sen  aLondonbChapman and Hallc1963 axiii, 317p. aThe International astrophysics series; v. 6 aAstronomy and astrophysics thesaurus aStellar interiors aStellar structure aBhatnagar, P.L. aSen, H.K.